All Airlines that Fly to Jacksonville Airport (JAX) - Statistics

General Stats
  • This quiz has been taken 26 times
  • The average score is 6 of 10
Answer Stats
First Letter Answer % Correct
A American
95%
D Delta
90%
U United
80%
F Frontier
65%
S Southwest
65%
J Jetblue
60%
A Allegiant
50%
A Air Canada
40%
B Breeze
40%
S Sun country
40%
No matching quizzes found
Score Distribution
Percent of People with Each Score
Percentile by Number Answered
Your Score History
You have not taken this quiz